[Event "IV Torneo B"]
[Site "Assisi ITA"]
[Date "2008.12.20"]
[Round "1"]
[White "Tortolini, Francesco"]
[Black "Colabrese, Cary"]
[Result "1-0"]
[WhiteElo "1917"]
[BlackElo "1598"]
[PlyCount "77"]
[EventDate "2008.12.20"]

1. e4 e5 2. Nf3 Nf6 3. Nxe5 d6 4. Nf3 Nxe4 5. d4 d5 6. Bd3 Be7 7. O-O Nc6 8. c4
O-O 9. Nc3 Nxc3 10. bxc3 f5 11. Re1 b6 12. Qa4 Bb7 13. cxd5 Na5 14. c4 c6 15.
dxc6 Bxc6 16. Qd1 Rc8 17. Bd2 Bxf3 18. Qxf3 Nxc4 19. Bf4 b5 20. d5 Bd6 21. Bxd6
Nxd6 22. Re6 g6 23. Rae1 Rc7 24. Qg3 Rd7 25. h4 Ne4 26. Bxe4 fxe4 27. h5 Rxd5
28. hxg6 h6 29. R6xe4 Rg5 30. Qh3 Rxg6 31. Qb3+ Kh8 32. Qxb5 Qa8 33. Qe5+ Kg8
34. Qd4 a6 35. Qd7 Kh8 36. a4 Kg8 37. Rg4 Rxg4 38. Qxg4+ Kh8 39. Re7 1-0

[Event "IV Torneo B"]
[Site "Assisi ITA"]
[Date "2008.12.20"]
[Round "1"]
[White "Zenatto, Giuliano"]
[Black "Marcugini, Stefano"]
[Result "0-1"]
[WhiteElo "1762"]
[BlackElo "1931"]
[PlyCount "112"]
[EventDate "2008.12.20"]

1. d4 Nf6 2. c4 g6 3. Nf3 Bg7 4. Nc3 O-O 5. e3 d6 6. g3 b6 7. Bg2 Bb7 8. O-O
Nbd7 9. Qc2 e5 10. d5 a5 11. b3 Nc5 12. e4 Bc8 13. h3 Ne8 14. Ba3 f5 15. Bxc5
bxc5 16. Rad1 fxe4 17. Qxe4 Bf5 18. Qe3 Nf6 19. Nd2 Qc8 20. Kh2 Bd7 21. Qe2 Nh5
22. Nce4 a4 23. Ng5 axb3 24. axb3 Re8 25. Ne6 Rb8 26. Nxg7 Nxg7 27. Ra1 Nf5 28.
Rfb1 Nd4 29. Qd1 Rf8 30. f3 Rb4 31. Rb2 Qb7 32. g4 Rb8 33. Ne4 Kg7 34. Qd2 Qc8
35. Rf1 Qf8 36. f4 Rxb3 37. Rxb3 Rxb3 38. fxe5 Qxf1 39. Bxf1 Nf3+ 40. Kh1 Nxd2
41. Nxd2 Rb2 42. e6 Bxe6 43. Ne4 Bc8 44. g5 Ba6 45. Nf6 Kf7 46. Nxh7 Rb1 47.
Kg2 Rxf1 48. Kxf1 Bxc4+ 49. Ke1 Bxd5 50. Kd2 Be6 51. h4 d5 52. Kd3 Bf5+ 53. Kd2
Ke6 54. Nf6 Ke5 55. Ne8 c6 56. Ng7 Ke4 0-1

[Event "IV Torneo B"]
[Site "Assisi ITA"]
[Date "2008.12.20"]
[Round "2"]
[White "Balducci, Alessandro"]
[Black "Tortolini, Francesco"]
[Result "0-1"]
[WhiteElo "1828"]
[BlackElo "1917"]
[PlyCount "70"]
[EventDate "2008.12.20"]

1. f4 d5 2. Nf3 c5 3. e3 Nc6 4. Bb5 Nf6 5. O-O e6 6. b3 g6 7. Bb2 Bg7 8. Qe1
O-O 9. Bxc6 bxc6 10. Ne5 Bb7 11. d3 Nd7 12. Nd2 Nxe5 13. fxe5 a5 14. a4 Qb6 15.
Rf3 Qc7 16. Qg3 Rad8 17. Raf1 Ba6 18. Qf4 Qb8 19. Rh3 Qb4 20. Qf2 c4 21. Rh4 c5
22. dxc4 Qb8 23. Rf4 Rd7 24. Nf3 dxc4 25. Ba3 cxb3 26. Rb1 Rfd8 27. Rxb3 Rd1+
28. Ne1 Qc7 29. Bb2 R8d2 30. Qg3 Re2 31. Rf1 Bb7 32. Nf3 Rxf1+ 33. Kxf1 Rxc2
34. Ng5 Qd7 35. e4 Ba6+ 0-1

[Event "IV Torneo B"]
[Site "Assisi ITA"]
[Date "2008.12.20"]
[Round "2"]
[White "Cesarini, Leopoldo"]
[Black "Seravelli, Paolo"]
[Result "1-0"]
[WhiteElo "1920"]
[BlackElo "1810"]
[PlyCount "112"]
[EventDate "2008.12.20"]

1. Nf3 Nc6 2. d4 d5 3. b3 Nf6 4. Bb2 Bg4 5. Nbd2 e6 6. e3 a6 7. a3 Bd6 8. Be2
O-O 9. c4 Re8 10. Ne5 Bxe2 11. Qxe2 Bxe5 12. dxe5 Nd7 13. Nf3 f6 14. exf6 Nxf6
15. O-O Qe7 16. b4 Rad8 17. Rac1 Qf7 18. b5 axb5 19. cxb5 Na5 20. Ne5 Qe7 21.
Qc2 Nc4 22. Nxc4 dxc4 23. Qxc4 Rd7 24. e4 Red8 25. h3 Kh8 26. a4 e5 27. a5 Nh5
28. Qc5 Re8 29. Qxe7 Rdxe7 30. g3 Nf6 31. Rfe1 h6 32. Rc5 g5 33. Rc4 Kg7 34.
Rec1 Rc8 35. Ba3 Rd7 36. Bb2 Re7 37. Kg2 Kg6 38. Kf3 h5 39. Ke3 Ne8 40. Rc5 g4
41. hxg4 hxg4 42. Bxe5 c6 43. bxc6 bxc6 44. Rxc6+ Rxc6 45. Rxc6+ Kf7 46. Bd4
Rb7 47. a6 Rb3+ 48. Rc3 Rb8 49. a7 Ra8 50. Rc6 Rd8 51. e5 Ng7 52. Bb6 Re8 53.
Rf6+ Kg8 54. Ke4 Nh5 55. Rd6 Kf7 56. Rd8 Nf6+ 1-0

[Event "IV Torneo B"]
[Site "Assisi ITA"]
[Date "2008.12.20"]
[Round "2"]
[White "Ciuchi, Francesco"]
[Black "Perogio, Lorenzo"]
[Result "0-1"]
[WhiteElo "1440"]
[BlackElo "1857"]
[PlyCount "56"]
[EventDate "2008.12.20"]

1. e4 e5 2. Nf3 Nc6 3. Bc4 Nf6 4. Ng5 d5 5. exd5 b5 6. Bb3 Nd4 7. O-O h6 8. Nf3
Bg4 9. d3 Bxf3 10. gxf3 Bd6 11. Nc3 O-O 12. Kh1 a5 13. a4 Nxb3 14. cxb3 b4 15.
Ne4 Nxd5 16. Rg1 Kh8 17. d4 Nf4 18. Bxf4 exf4 19. Qf1 f5 20. Qg2 Rf7 21. Qg6
Qf8 22. Ng5 hxg5 23. Rxg5 Rf6 24. Rh5+ Kg8 25. Qh7+ Kf7 26. Rh4 Qg8 27. Qh5+ g6
28. Qg5 Qg7 0-1

[Event "IV Torneo B"]
[Site "Assisi ITA"]
[Date "2008.12.20"]
[Round "2"]
[White "Ferri, Fabio"]
[Black "Sorbelli, Massimo"]
[Result "0-1"]
[WhiteElo "1845"]
[BlackElo "1929"]
[PlyCount "112"]
[EventDate "2008.12.20"]

1. e4 c5 2. Nf3 Nc6 3. d4 cxd4 4. Nxd4 g6 5. Be3 Bg7 6. Nc3 d6 7. Qd2 a6 8. Be2
Bd7 9. Nd5 Nf6 10. Nxc6 Bxc6 11. Bb6 Qc8 12. Nc7+ Kf8 13. Nxa8 Nxe4 14. Qb4
Qxa8 15. O-O Nf6 16. c4 h5 17. Qb3 h4 18. h3 Qc8 19. Bf3 Bxf3 20. Qxf3 Nd7 21.
Ba5 Ne5 22. Qe4 Rh5 23. Bc3 Nxc4 24. Bxg7+ Kxg7 25. Qd4+ e5 26. Qc3 Qe6 27. b3
Nb6 28. Qf3 d5 29. Rac1 Rf5 30. Qg4 Qe7 31. Rc2 d4 32. Rfc1 Nd5 33. Qe4 Nc3 34.
Rxc3 dxc3 35. Rxc3 Rf4 36. Qe3 Rd4 37. Rd3 Qd6 38. Rxd4 Qxd4 39. Kf1 Qd1+ 40.
Qe1 Qxe1+ 41. Kxe1 f5 42. Kd2 Kf6 43. Kd3 b5 44. Kc3 a5 45. a4 bxa4 46. bxa4
Ke6 47. Kc4 Kd6 48. Kb5 e4 49. Kxa5 Kc5 50. Ka6 f4 51. a5 e3 52. fxe3 fxe3 53.
Kb7 e2 54. a6 e1=Q 55. a7 Qe7+ 56. Kb8 Kb6 0-1

[Event "IV Torneo B"]
[Site "Assisi ITA"]
[Date "2008.12.20"]
[Round "2"]
[White "Marcugini, Stefano"]
[Black "Giri, Giovanni"]
[Result "0-1"]
[WhiteElo "1931"]
[BlackElo "1836"]
[PlyCount "108"]
[EventDate "2008.12.20"]

1. e4 e6 2. d4 d5 3. exd5 exd5 4. Bd3 Bd6 5. Ne2 Ne7 6. O-O O-O 7. Bf4 Bg4 8.
f3 Bf5 9. Na3 c6 10. c3 Re8 11. Nc2 Bg6 12. Ne3 Bxd3 13. Qxd3 Bxf4 14. Nxf4 Qd6
15. Nh3 Nd7 16. Rae1 Nf8 17. Re2 Qg6 18. Qxg6 Nfxg6 19. Rfe1 Kf8 20. Nf2 Nf4
21. Rd2 Nf5 22. Nc2 Rxe1+ 23. Nxe1 Re8 24. Ned3 Nh4 25. Rd1 Nhxg2 26. Nc5 Re7
27. Ng4 f6 28. Nf2 Nh4 29. Nfd3 Nxf3+ 30. Kf2 Nxd3+ 31. Rxd3 Nxh2 32. Rh3 Ng4+
33. Kg3 Nh6 34. Kf2 Kg8 35. b3 Nf7 36. c4 dxc4 37. bxc4 Nd6 38. Rb3 b6 39. Na6
Nxc4 40. Nb8 Re6 41. Rb4 Ne3 42. Ra4 a5 43. Na6 Nd5 44. Ra3 g5 45. Rb3 h5 46.
Nb8 Kf7 47. Nd7 b5 48. Nc5 Re7 49. Rb1 Kg6 50. Rc1 Ne3 51. Nd3 Nc4 52. a4 Re4
53. axb5 cxb5 54. Nc5 Rxd4 0-1

[Event "IV Torneo B"]
[Site "Assisi ITA"]
[Date "2008.12.20"]
[Round "2"]
[White "Mazza, Daniele"]
[Black "Bertolini, Ettore"]
[Result "1-0"]
[WhiteElo "1765"]
[BlackElo "1890"]
[PlyCount "99"]
[EventDate "2008.12.20"]

1. e4 c5 2. Nc3 e6 3. g3 g6 4. Bg2 Bg7 5. d3 Ne7 6. Be3 d6 7. Qd2 Qa5 8. Nf3
Nbc6 9. h4 b5 10. O-O b4 11. Nd1 Ba6 12. Re1 e5 13. c3 O-O 14. Bh6 Rab8 15.
Bxg7 Kxg7 16. h5 Ng8 17. Ne3 bxc3 18. bxc3 Qd8 19. Nd5 Nce7 20. hxg6 fxg6 21.
Ng5 Bc8 22. Bh3 Bxh3 23. Nxh3 Nxd5 24. exd5 h6 25. d4 cxd4 26. cxd4 Qd7 27. Kg2
Qf5 28. dxe5 dxe5 29. Qe3 e4 30. Qxe4 Qxe4+ 31. Rxe4 Rb2 32. Nf4 Rf7 33. Re2
Rfb7 34. Rxb2 Rxb2 35. Ne6+ Kf6 36. Nc7 Rd2 37. a4 Ne7 38. d6 Rxd6 39. Ne8+ Ke6
40. Nxd6 Kxd6 41. Rb1 a5 42. Rb5 Nc6 43. f4 Kc7 44. g4 Kd6 45. Kg3 Kc7 46. f5
g5 47. f6 Kd7 48. Rc5 Nb8 49. f7 Ke7 50. f8=Q+ 1-0

[Event "IV Torneo B"]
[Site "Assisi ITA"]
[Date "2008.12.20"]
[Round "2"]
[White "Migliozzi, Giuseppe"]
[Black "Minelli, Francesco"]
[Result "1-0"]
[WhiteElo "1569"]
[BlackElo "1873"]
[PlyCount "130"]
[EventDate "2008.12.20"]

1. Nf3 Nf6 2. b3 d5 3. Bb2 c5 4. e3 Nc6 5. Bb5 Bd7 6. O-O g6 7. d3 Bg7 8. c4 e6
9. cxd5 exd5 10. Nc3 O-O 11. Ne2 Qc7 12. Rc1 b6 13. Ng3 a6 14. Bxc6 Bxc6 15. d4
Bb7 16. dxc5 bxc5 17. b4 c4 18. Be5 Qe7 19. Qd4 Rac8 20. a3 Rfe8 21. Ne2 Nh5
22. Bxg7 Nxg7 23. Nc3 Red8 24. Na4 Nf5 25. Qe5 Bc6 26. Qxe7 Nxe7 27. Nc5 Ra8
28. Rfd1 a5 29. g4 axb4 30. axb4 Ba4 31. Nxa4 Rxa4 32. Rxc4 Rb8 33. Rc7 Kf8 34.
Ng5 h6 35. Nh7+ Kg7 36. Rxe7 Raxb4 37. h3 R4b7 38. Rxb7 Rxb7 39. Ng5 hxg5 40.
Rxd5 Kf6 41. e4 Re7 42. f3 Re5 43. Rd6+ Re6 44. Rd3 Re7 45. Kf2 Ra7 46. Rd1 Ke5
47. Kg3 Kf6 48. Rh1 Ra3 49. h4 gxh4+ 50. Rxh4 Rb3 51. Rh6 Rb5 52. Kf4 Re5 53.
Rh1 g5+ 54. Kg3 Ra5 55. Rh6+ Ke5 56. Rh8 Ra6 57. Re8+ Re6 58. Ra8 Kd4 59. Rd8+
Ke3 60. Rd5 Rf6 61. Rf5 Rxf5 62. gxf5 Kd4 63. Kg4 Ke5 64. Kxg5 f6+ 65. Kg6 Kd6
1-0

[Event "IV Torneo B"]
[Site "Assisi ITA"]
[Date "2008.12.20"]
[Round "2"]
[White "Parrini, Fabio"]
[Black "Mannori, Giampaolo"]
[Result "1-0"]
[WhiteElo "1900"]
[BlackElo "1515"]
[PlyCount "125"]
[EventDate "2008.12.20"]

1. e4 c5 2. Nf3 Nc6 3. a3 g6 4. Bc4 Bg7 5. O-O Nf6 6. d3 O-O 7. h3 d6 8. Nc3
Bd7 9. Be3 a6 10. Qd2 b5 11. Ba2 Rb8 12. e5 Ne8 13. exd6 exd6 14. Bh6 b4 15.
Bxg7 Nxg7 16. axb4 Rxb4 17. Qh6 Nf5 18. Qc1 Kg7 19. Nd5 Rb8 20. Bc4 a5 21. Bb3
Be6 22. Qd2 Ra8 23. Ng5 Nfd4 24. Nxe6+ fxe6 25. Nf4 e5 26. Ne6+ Nxe6 27. Bxe6
Qe7 28. Bd5 Ra6 29. Bxc6 Rxc6 30. Rxa5 Rfc8 31. Rfa1 Qf6 32. c3 Qf7 33. c4 Qf6
34. b4 cxb4 35. Qxb4 Qe6 36. Ra7+ R8c7 37. Qb8 Qd7 38. Rxc7 Rxc7 39. Ra8 Kh6
40. Qf8+ Kg5 41. Kh2 Qe7 42. Qf3 Qf7 43. Qg4+ Kh6 44. f3 Rd7 45. g3 Qf5 46.
Qxf5 gxf5 47. Rf8 Kg6 48. h4 Rf7 49. Rd8 Rf6 50. Rd7 h6 51. Kh3 h5 52. f4 Re6
53. fxe5 dxe5 54. c5 e4 55. dxe4 fxe4 56. Rd6 Kf6 57. Rxe6+ Kxe6 58. Kg2 Kd5
59. g4 hxg4 60. h5 e3 61. h6 e2 62. Kf2 g3+ 63. Kxe2 1-0

[Event "IV Torneo B"]
[Site "Assisi ITA"]
[Date "2008.12.20"]
[Round "2"]
[White "Rampini, Carlo"]
[Black "Serafini, Gino"]
[Result "0-1"]
[WhiteElo "1488"]
[BlackElo "1863"]
[PlyCount "76"]
[EventDate "2008.12.20"]

1. e4 e6 2. d4 d5 3. exd5 exd5 4. c4 Nf6 5. Nc3 Bb4 6. Bd2 O-O 7. a3 Re8+ 8.
Be3 Bxc3+ 9. bxc3 Ng4 10. Kd2 Qe7 11. Qf3 c6 12. c5 Be6 13. Bd3 Nd7 14. h3 Nxe3
15. Qxe3 b6 16. f4 Qf8 17. Qf3 f5 18. cxb6 axb6 19. a4 Nf6 20. Ne2 Ne4+ 21. Kc2
Re7 22. g4 Rea7 23. Ng3 Rxa4 24. Rxa4 Rxa4 25. Bxe4 dxe4 26. Qe3 Ra2+ 27. Kd1
Qa3 28. Ne2 Ra1+ 29. Nc1 Bb3+ 30. Ke2 Qb2+ 31. Qd2 Bc4+ 32. Ke3 Qb5 33. g5 Rb1
34. Rh2 Qd5 35. h4 c5 36. Ne2 Rf1 37. Ng1 Rxg1 38. Qf2 Ra1 0-1

[Event "IV Torneo B"]
[Site "Assisi ITA"]
[Date "2008.12.20"]
[Round "2"]
[White "Vannelli, Vittorio"]
[Black "Fratini, Mauro"]
[Result "1-0"]
[WhiteElo "1884"]
[BlackElo "1940"]
[PlyCount "45"]
[EventDate "2008.12.20"]

1. e4 Nf6 2. Nc3 d5 3. exd5 Nxd5 4. d4 Nxc3 5. bxc3 Bf5 6. Nf3 e6 7. Rb1 b6 8.
Bf4 Bd6 9. Bb5+ c6 10. Bxd6 Qxd6 11. Bd3 Bg6 12. Ne5 Nd7 13. Nxd7 Qxd7 14. O-O
Rc8 15. a4 O-O 16. a5 Bxd3 17. Qxd3 bxa5 18. Qa6 c5 19. Rb7 Rc7 20. Rfb1 cxd4
21. Qxa7 dxc3 22. Rxc7 Qd2 23. Qc5 1-0

[Event "IV Torneo B"]
[Site "Assisi ITA"]
[Date "2008.12.20"]
[Round "2"]
[White "Verdi, Enea"]
[Black "Cicioni, Luigi"]
[Result "1-0"]
[WhiteElo "1410"]
[BlackElo "1673"]
[PlyCount "92"]
[EventDate "2008.12.20"]

1. e4 c5 2. c3 d5 3. exd5 Qxd5 4. d4 e6 5. Bb5+ Nc6 6. Nf3 cxd4 7. Bxc6+ bxc6
8. Qxd4 Ba6 9. Qxd5 cxd5 10. Be3 Nf6 11. h3 Ne4 12. Nbd2 Nxd2 13. Kxd2 Bd6 14.
g4 Ke7 15. Rhe1 Rhb8 16. Kc2 Bb7 17. Rad1 a5 18. Nd4 Rc8 19. Bg5+ Kf8 20. Re3
Bc5 21. Re2 a4 22. f4 Re8 23. Bh4 Rac8 24. Nf3 Ba6 25. Rg2 Bd6 26. Bg3 f6 27.
Re1 Bb7 28. Rge2 g5 29. Rxe6 Bxf4 30. Bxf4 gxf4 31. Rxf6+ Kg7 32. Rxf4 Re4 33.
Rfxe4 dxe4 34. Nd4 Kf6 35. Rf1+ Ke7 36. Nf5+ Ke6 37. Nd4+ Ke7 38. b3 Bd5 39. c4
Bxc4 40. Nf5+ Ke6 41. bxc4 Rxc4+ 42. Kd2 a3 43. Ne3 Rb4 44. Rc1 Ke5 45. Rc5+
Kf4 46. Nd5+ Kf3 1-0

[Event "IV Torneo B"]
[Site "Assisi ITA"]
[Date "2008.12.21"]
[Round "3"]
[White "Bertolini, Ettore"]
[Black "Balducci, Alessandro"]
[Result "1-0"]
[WhiteElo "1890"]
[BlackElo "1828"]
[PlyCount "75"]
[EventDate "2008.12.20"]

1. e4 c5 2. Nf3 d6 3. d4 cxd4 4. Nxd4 Nf6 5. Nc3 a6 6. Bg5 e6 7. Be2 Be7 8. Qd3
Nbd7 9. O-O O-O 10. a4 Nc5 11. Qf3 Qc7 12. b4 Ncd7 13. a5 Ne5 14. Qg3 Bd7 15.
Rfd1 Rac8 16. Ra3 Rfd8 17. f4 Nc4 18. Rb3 Be8 19. f5 e5 20. Bxf6 Bxf6 21. Nd5
exd4 22. Nxc7 Rxc7 23. Bd3 Be5 24. Qh4 Rdc8 25. g4 Ne3 26. Rd2 Ba4 27. Rb2 Nxc2
28. Bxc2 Bxc2 29. Rbxc2 Rxc2 30. Rxc2 Re8 31. g5 d3 32. Rd2 Bc3 33. Rxd3 Bxb4
34. f6 Re5 35. Qg4 h6 36. gxh6 g6 37. h7+ Kxh7 38. Rh3+ 1-0

[Event "IV Torneo B"]
[Site "Assisi ITA"]
[Date "2008.12.21"]
[Round "3"]
[White "Cicioni, Luigi"]
[Black "Rampini, Carlo"]
[Result "1-0"]
[WhiteElo "1673"]
[BlackElo "1488"]
[PlyCount "95"]
[EventDate "2008.12.20"]

1. e4 e5 2. Bc4 Nf6 3. d4 exd4 4. Nf3 d5 5. exd5 Bb4+ 6. c3 Be7 7. Qxd4 O-O 8.
O-O Nbd7 9. Bb3 Nc5 10. Rd1 Nxb3 11. axb3 b6 12. c4 Bc5 13. Qd3 Re8 14. Bg5 Qd6
15. Nc3 Bd7 16. Re1 a5 17. Bh4 Nh5 18. Ng5 Qh6 19. Nge4 Bb4 20. Qf3 Nf6 21.
Nxf6+ gxf6 22. Rxe8+ Rxe8 23. Ne4 Qxh4 24. Nxf6+ Kh8 25. Nxd7 Qe7 26. Qf6+ Qxf6
27. Nxf6 Re2 28. Rb1 Bc5 29. Ng4 Bd4 30. Kf1 Rc2 31. Ne3 Rxb2 32. Rxb2 Bxb2 33.
Nf5 Ba3 34. Ke2 Kg8 35. Kf3 f6 36. Ke4 Kf7 37. Nd4 Kg6 38. g4 Bd6 39. f4 Bc5
40. h4 h5 41. gxh5+ Kxh5 42. Nb5 Kg6 43. h5+ Kf7 44. Kf5 Bf8 45. Nxc7 Bd6 46.
Nb5 Bc5 47. h6 Bf8 48. h7 1-0

[Event "IV Torneo B"]
[Site "Assisi ITA"]
[Date "2008.12.21"]
[Round "3"]
[White "Fratini, Mauro"]
[Black "Colabrese, Cary"]
[Result "1-0"]
[WhiteElo "1940"]
[BlackElo "1598"]
[PlyCount "103"]
[EventDate "2008.12.20"]

1. d4 Nf6 2. Bf4 e6 3. e3 d6 4. Nd2 Be7 5. h3 O-O 6. Ngf3 b6 7. Bd3 Bb7 8. O-O
Nbd7 9. a4 d5 10. c3 Ne4 11. Bh2 f5 12. a5 bxa5 13. Rxa5 h6 14. Qa4 Ndc5 15.
Qa2 Qb8 16. Bxe4 fxe4 17. Ne5 Bd6 18. Bf4 Bxe5 19. Bxe5 Nd7 20. Bf4 Nb6 21. Rc5
Rf7 22. f3 exf3 23. Nxf3 Nc8 24. Ne5 Re7 25. Qb1 Nd6 26. Qg6 Ne4 27. Nc6 Bxc6
28. Rxc6 Qe8 29. Qxe8+ Raxe8 30. Ra1 Rb8 31. b4 Rb7 32. Ra3 Kf7 33. Rca6 g5 34.
Be5 Kg6 35. Rxa7 Rxa7 36. Rxa7 Nxc3 37. Rxc7 Rxc7 38. Bxc7 Nb5 39. Be5 h5 40.
g4 h4 41. Kf2 Kf7 42. Ke2 Ke8 43. Kd2 Na7 44. Kc3 Nc6 45. b5 Nxe5 46. dxe5 Kd7
47. Kb4 Kc8 48. Kc5 Kc7 49. b6+ Kd7 50. b7 Kc7 51. b8=Q+ Kxb8 52. Kd6 1-0

[Event "IV Torneo B"]
[Site "Assisi ITA"]
[Date "2008.12.21"]
[Round "3"]
[White "Giri, Giovanni"]
[Black "Vannelli, Vittorio"]
[Result "1-0"]
[WhiteElo "1836"]
[BlackElo "1884"]
[PlyCount "71"]
[EventDate "2008.12.20"]

1. e4 e5 2. Nf3 Nc6 3. d4 exd4 4. Nxd4 Bc5 5. Be3 Qf6 6. c3 Nge7 7. Bc4 d6 8.
O-O Bb6 9. Na3 O-O 10. Nac2 Ne5 11. Be2 d5 12. f4 Nc4 13. Bxc4 dxc4 14. Qe2 Nc6
15. Qxc4 Bd7 16. Kh1 Rfe8 17. e5 Qe7 18. b4 Nd8 19. a4 c5 20. Nb5 Be6 21. Qe2
cxb4 22. Bxb6 axb6 23. cxb4 Nc6 24. Nd6 Red8 25. Qe4 Bb3 26. Nd4 Nxd4 27. Qxd4
Rxa4 28. Rxa4 Bxa4 29. Qxb6 Bc6 30. Ra1 f6 31. Qc5 Qe6 32. b5 fxe5 33. bxc6
Rxd6 34. cxb7 Rd8 35. Ra8 Qe8 36. Rxd8 1-0

[Event "IV Torneo B"]
[Site "Assisi ITA"]
[Date "2008.12.21"]
[Round "3"]
[White "Mannori, Giampaolo"]
[Black "Vitali, Roberto"]
[Result "1-0"]
[WhiteElo "1515"]
[BlackElo "1535"]
[PlyCount "55"]
[EventDate "2008.12.20"]

1. e4 d5 2. exd5 Nf6 3. Bb5+ Bd7 4. Be2 Nxd5 5. Nf3 g6 6. c4 Nf6 7. d4 Bg7 8.
Nc3 O-O 9. O-O Re8 10. h3 b6 11. Be3 Bc8 12. Qd2 Nbd7 13. Bh6 Bh8 14. Rad1 Bb7
15. Rfe1 c5 16. d5 e5 17. dxe6 Rxe6 18. Bg5 Bc6 19. Nh2 Qc7 20. Bf3 Rxe1+ 21.
Rxe1 Re8 22. Rxe8+ Nxe8 23. Bxc6 Qxc6 24. Nd5 Bf6 25. Bxf6 Qxf6 26. Nxf6+ Nexf6
27. Ng4 Nxg4 28. Qxd7 1-0

[Event "IV Torneo B"]
[Site "Assisi ITA"]
[Date "2008.12.21"]
[Round "3"]
[White "Marinucci, Johnny"]
[Black "Parrini, Fabio"]
[Result "1-0"]
[WhiteElo "1746"]
[BlackElo "1900"]
[PlyCount "65"]
[EventDate "2008.12.20"]

1. d4 Nf6 2. Bf4 d6 3. e3 e6 4. Nd2 Be7 5. Bd3 Nc6 6. c3 e5 7. Bg3 O-O 8. Ngf3
Bg4 9. Qe2 exd4 10. exd4 Qd7 11. O-O-O h6 12. h3 Bh5 13. Bh2 Bxf3 14. gxf3 a6
15. Rdg1 Nh5 16. Bf5 Qd8 17. Qe4 d5 18. Qg4 Bg5 19. f4 Nf6 20. Qg2 g6 21. fxg5
Nh5 22. gxh6 Ne7 23. Bd3 c6 24. Be2 Nf6 25. Be5 Nh7 26. Bd3 b6 27. h4 f5 28. f4
Nf6 29. Bxf6 Rxf6 30. Nf3 Kh7 31. h5 Qd6 32. Ne5 Rg8 33. hxg6+ 1-0

[Event "IV Torneo B"]
[Site "Assisi ITA"]
[Date "2008.12.21"]
[Round "3"]
[White "Minelli, Francesco"]
[Black "Ciuchi, Francesco"]
[Result "1/2-1/2"]
[WhiteElo "1873"]
[BlackElo "1440"]
[PlyCount "108"]
[EventDate "2008.12.20"]

1. e4 e5 2. Nf3 Nc6 3. Bb5 a6 4. Ba4 Nf6 5. d4 exd4 6. e5 Nd5 7. O-O Be7 8.
Nxd4 Nxd4 9. Qxd4 Nb6 10. Bb3 O-O 11. Nc3 d6 12. Bf4 Be6 13. Bxe6 fxe6 14. exd6
cxd6 15. Be3 Nd7 16. Qg4 Rf6 17. Qe2 Rg6 18. Rad1 Qf8 19. Ne4 d5 20. Ng3 Nf6
21. Bd4 Qf7 22. Rfe1 Nd7 23. c4 Bb4 24. Bc3 Bxc3 25. bxc3 Rd8 26. cxd5 exd5 27.
Qe7 Qxe7 28. Rxe7 Nc5 29. Re5 Rgd6 30. Nf5 R6d7 31. Ne3 Ne4 32. Rdxd5 Rxd5 33.
Rxd5 Rc8 34. c4 Rc7 35. f3 Nc3 36. Rd2 Nb1 37. Rd4 Nc3 38. Rd2 Nb1 39. Rc2 Na3
40. Rc1 Rc5 41. Rc3 Nb5 42. Rd3 Nc7 43. Kf2 b5 44. cxb5 axb5 45. Ke2 Ne6 46. g3
Rc7 47. Rd6 Kf7 48. f4 Ke7 49. Rb6 Ra7 50. Nd5+ Kf7 51. Nb4 Ra4 52. Rb7+ Kg6
53. Rb6 Kf7 54. Rb7+ Kf6 1/2-1/2

[Event "IV Torneo B"]
[Site "Assisi ITA"]
[Date "2008.12.21"]
[Round "3"]
[White "Perogio, Lorenzo"]
[Black "Cesarini, Leopoldo"]
[Result "1-0"]
[WhiteElo "1857"]
[BlackElo "1920"]
[PlyCount "65"]
[EventDate "2008.12.20"]

1. e4 c6 2. d4 d5 3. exd5 cxd5 4. c4 Nf6 5. Nc3 g6 6. Nf3 Bg7 7. Qb3 O-O 8.
cxd5 Nbd7 9. Bc4 Nb6 10. O-O Bf5 11. Re1 Rc8 12. Bf1 Nfxd5 13. Nxd5 Nxd5 14.
Qxb7 Rc7 15. Qb3 Qd6 16. Bd2 Bc2 17. Qb5 Rc6 18. Qe2 Bf5 19. Ne5 Rc2 20. Rac1
Rfc8 21. Rxc2 Rxc2 22. Rc1 Rxc1 23. Bxc1 Nb4 24. Qc4 Be6 25. Qb5 h5 26. a3 Nc2
27. Qe8+ Kh7 28. Nxf7 Bxf7 29. Qxf7 Nxd4 30. Bc4 e6 31. h3 Qc6 32. b3 Nxb3 33.
Bb2 1-0

[Event "IV Torneo B"]
[Site "Assisi ITA"]
[Date "2008.12.21"]
[Round "3"]
[White "Serafini, Gino"]
[Black "Ferri, Fabio"]
[Result "1-0"]
[WhiteElo "1863"]
[BlackElo "1845"]
[PlyCount "61"]
[EventDate "2008.12.20"]

1. d4 Nf6 2. Bf4 d5 3. Nf3 c5 4. e3 Nc6 5. c3 e6 6. Nbd2 Bd6 7. Ne5 Nxe5 8.
dxe5 Bxe5 9. Bxe5 O-O 10. Bd3 Nd7 11. Bg3 e5 12. Bf5 Re8 13. O-O g6 14. Bxd7
Bxd7 15. f4 e4 16. Nb3 Bb5 17. Rf2 b6 18. Qg4 Bd7 19. Qg5 f6 20. Qh6 Kh8 21.
Bh4 Rg8 22. Rd1 Be6 23. Nd2 Qe7 24. Nf1 Rad8 25. Ng3 Bg4 26. Rdf1 Rd6 27. h3 g5
28. fxg5 fxg5 29. Bxg5 Rxh6 30. Bxe7 Bxh3 31. Bf6+ 1-0

[Event "IV Torneo B"]
[Site "Assisi ITA"]
[Date "2008.12.21"]
[Round "3"]
[White "Seravelli, Paolo"]
[Black "Marcugini, Stefano"]
[Result "1/2-1/2"]
[WhiteElo "1810"]
[BlackElo "1931"]
[PlyCount "59"]
[EventDate "2008.12.20"]

1. e4 e6 2. d4 d5 3. exd5 exd5 4. Nf3 Bd6 5. h3 Ne7 6. Bd3 O-O 7. O-O Bf5 8.
Bg5 f6 9. Bh4 c6 10. c4 Bxd3 11. Qxd3 Ng6 12. Nc3 Nxh4 13. Nxh4 dxc4 14. Qxc4+
Kh8 15. Qd3 Nd7 16. Nf5 Nb6 17. Ne4 Bc7 18. Nc5 Qb8 19. Rfe1 Bd6 20. Nxd6 Qxd6
21. Re6 Qc7 22. Rae1 Nd5 23. f3 b6 24. Nb3 Qd7 25. Qc4 Rfc8 26. Qc2 Kg8 27. a3
h6 28. Qg6 Qf7 29. Qc2 Qd7 30. Qg6 1/2-1/2

[Event "IV Torneo B"]
[Site "Assisi ITA"]
[Date "2008.12.21"]
[Round "3"]
[White "Tortolini, Francesco"]
[Black "Migliozzi, Giuseppe"]
[Result "0-1"]
[WhiteElo "1917"]
[BlackElo "1569"]
[PlyCount "130"]
[EventDate "2008.12.20"]

1. e4 d5 2. exd5 Qxd5 3. Nc3 Qa5 4. d4 Nf6 5. Bc4 Bf5 6. Nf3 e6 7. Bd2 c6 8.
Qe2 Bb4 9. O-O-O Nbd7 10. a3 Bxc3 11. Bxc3 Qc7 12. Ne5 Nxe5 13. dxe5 Nd5 14.
Bd2 O-O 15. g4 Bg6 16. h4 h6 17. h5 Bh7 18. g5 hxg5 19. h6 g6 20. Bxg5 b5 21.
Bxd5 cxd5 22. f4 Qc4 23. Qxc4 bxc4 24. b3 Rfc8 25. Kb2 a5 26. Rh3 a4 27. b4 Rc6
28. Kc3 Kf8 29. Kd4 Rac8 30. c3 Rb6 31. Rh2 Ke8 32. Rb1 Rb5 33. Rg1 Kd7 34. Bf6
Rg8 35. Rd1 Re8 36. Ke3 Kc6 37. Kf3 Rb7 38. Kg4 Rd7 39. Bh4 Kb5 40. Kg5 Rg8 41.
Kf6 Kc6 42. b5+ Kb7 43. Kg5 Kb6 44. Rb1 Ka5 45. Bf2 f6+ 46. exf6 Rf8 47. b6 Ka6
48. Bd4 Kb7 49. Rb4 Ra8 50. Re2 Rd6 51. f7 Rd7 52. Rxa4 Rxf7 53. Rxa8 Rf5+ 54.
Kg4 Kxa8 55. Rxe6 Rf7 56. a4 g5 57. Kxg5 Kb7 58. a5 Rf5+ 59. Kg4 Rf7 60. Bf6 d4
61. Bxd4 Bf5+ 62. Kg5 Bxe6 63. Be5 Bf5 64. Bd4 Bh7 65. Bc5 Rf5+ 0-1

[Event "IV Torneo B"]
[Site "Assisi ITA"]
[Date "2008.12.21"]
[Round "3"]
[White "Zenatto, Giuliano"]
[Black "Bassini, Massimo"]
[Result "0-1"]
[WhiteElo "1762"]
[BlackElo "1545"]
[PlyCount "88"]
[EventDate "2008.12.20"]

1. d4 Nf6 2. c4 e6 3. Nf3 d5 4. g3 dxc4 5. Qa4+ Nc6 6. Qxc4 Be7 7. Bg2 O-O 8.
O-O Re8 9. Nc3 Bd7 10. e3 Bf8 11. Rd1 Rb8 12. b3 Nb4 13. Qe2 Nbd5 14. Bb2 c6
15. a3 Qb6 16. b4 a5 17. Na4 Qc7 18. e4 Nb6 19. Nxb6 Qxb6 20. bxa5 Qxa5 21.
Rdc1 Rbd8 22. Bc3 Qh5 23. Qc2 Rc8 24. Ne5 Red8 25. h3 c5 26. Qb2 cxd4 27. Bxd4
Rxc1+ 28. Rxc1 Rc8 29. Rb1 Rb8 30. Nxd7 Nxd7 31. Ba7 Rd8 32. a4 Nc5 33. Qc2 Qe5
34. Rb5 Qa1+ 35. Kh2 Nd3 36. Rb1 Qe5 37. f4 Nxf4 38. gxf4 Qxf4+ 39. Kg1 Rd2 40.
Rf1 Qxf1+ 41. Bxf1 Rxc2 42. Bb5 Bc5+ 43. Bxc5 Rxc5 44. Kf2 Kf8 0-1

[Event "IV Torneo B"]
[Site "Assisi ITA"]
[Date "2008.12.21"]
[Round "4"]
[White "Balducci, Alessandro"]
[Black "Parrini, Fabio"]
[Result "1-0"]
[WhiteElo "1828"]
[BlackElo "1900"]
[PlyCount "59"]
[EventDate "2008.12.20"]

1. f4 d5 2. Nf3 Nc6 3. e3 Nf6 4. Bb5 Bd7 5. O-O e6 6. b3 a6 7. Bxc6 Bxc6 8. Ne5
Bd6 9. Bb2 Bxe5 10. fxe5 Ne4 11. d3 Nc5 12. Nd2 Qg5 13. Qe2 O-O 14. Ba3 Nd7 15.
Bxf8 Rxf8 16. d4 b5 17. Rf3 f5 18. exf6 Nxf6 19. Raf1 Qg6 20. Qd3 Qe8 21. b4 e5
22. dxe5 Qxe5 23. Rf5 Qe7 24. Qd4 h6 25. Nf3 Bd7 26. Re5 Qf7 27. Nh4 Be6 28.
Nf5 Re8 29. Rf3 c6 30. Nd6 1-0